000 00615nam a2200193Ia 4500
008 240729s9999 xx 000 0 und d
022 _a1940-4034
245 0 _aJournal of Cardiovascular Pharmacology and Therapeutics
260 _aUnited States
260 _bSAGE Publishing
650 _a Diseases of the circulatory (Cardiovascular) system | Medicine
650 _a Internal medicine
650 _a Specialties of internal medicine
650 _a Therapeutics. Pharmacology
650 _aMedicine
856 _uhttps://doaj.org/toc/d2f316e589cf4e84a1be13fad461f011
942 _2ddc
942 _cDOAJEJ
999 _c67845
_d67845
945 _a1
_bMadushi Gamage
_c1
_dMadushi Gamage